[Event "4NCL/Div2/KHE vs. PYO"]
[Site "Birmingham ENG"]
[Date "2002.01.20"]
[Round "6.8"]
[White "Woodward, Timothy D.M"]
[Black "Kelly, Alexandra M"]
[Result "1/2-1/2"]
[WhiteElo "2128"]
[BlackElo "1736"]
[PlyCount "108"]
[EventDate "2002.01.20"]
[SourceDate "2001.01.01"]

1. Nf3 g6 2. c4 Bg7 3. Nc3 Nf6 4. e4 d6 5. d4 O-O 6. Be2 e5 7. O-O Nc6 8. d5
Ne7 9. Ne1 Ne8 10. Be3 f5 11. f3 f4 12. Bf2 g5 13. c5 c6 14. cxd6 Qxd6 15. dxc6
Nxc6 16. Bc4+ Kh8 17. Nd3 b6 18. Nb5 Qd7 19. Bd5 Bb7 20. Rc1 Ne7 21. Bxb7 Qxb7
22. Qb3 Nc6 23. Qd5 Nd8 24. Qxb7 Nxb7 25. Nb4 Nbd6 26. Nxd6 Nxd6 27. Rfd1 Rfd8
28. Rd5 Ne8 29. Rcd1 Rdc8 30. Kf1 Kg8 31. Be1 Kf7 32. Bc3 Ke6 33. R5d2 h6 34.
Nd5 Bf8 35. Bb4 Bxb4 36. Nxb4 Rc7 37. Nd5 Rc6 38. Ke2 Rac8 39. h4 Rc1 40. hxg5
hxg5 41. Nc3 Rxd1 42. Rxd1 Nf6 43. Rh1 Kf7 44. a4 a6 45. Kd3 Rd8+ 46. Kc2 Rc8
47. b4 Ke6 48. Kb3 Rd8 49. Rh6 Kf7 50. Kc2 Rc8 51. b5 a5 52. Kd3 Kg7 53. Rh1
Rd8+ 54. Kc2 Kf7 1/2-1/2

[Event "4NCL/Div2/ATH-SLO2"]
[Site "Rd-10 Birmingham"]
[Date "2002.05.05"]
[Round "10.1"]
[White "Orr, Mark JL"]
[Black "Mehmeti, Dritan"]
[Result "1/2-1/2"]
[WhiteElo "2328"]
[BlackElo "2255"]
[PlyCount "115"]
[EventDate "2002.05.05"]

1. d4 c5 2. d5 Nf6 3. Nc3 d6 4. e4 g6 5. Be2 Bg7 6. Nf3 Bg4 7. Nd2 Bxe2 8. Qxe2
O-O 9. O-O Nbd7 10. Nc4 Nb6 11. Bd2 Nxc4 12. Qxc4 Qb6 13. a4 Nd7 14. a5 Qxb2
15. Qa4 Bxc3 16. Rab1 b5 17. Rxb2 bxa4 18. Bxc3 Rfb8 19. Ra2 Rb5 20. Rxa4 Rab8
21. Raa1 Ne5 22. f3 Kf8 23. Kf2 Ke8 24. Ke2 Kd7 25. Rfd1 a6 26. h3 f5 27. f4
Nf7 28. exf5 gxf5 29. g4 e6 30. gxf5 exd5 31. Rxd5 Kc6 32. Rad1 Rb1 33. Kf3
Rxd1 34. Rxd1 d5 35. Be5 Re8 36. Rb1 d4 37. Rb6+ Kd5 38. Rxa6 Nxe5+ 39. fxe5
Rxe5 40. f6 c4 41. Rb6 Kc5 42. Kg4 h5+ 43. Kf4 Re2 44. Kg5 Rxc2 45. f7 Rg2+ 46.
Kxh5 Rf2 47. Kg6 Rxf7 48. Kxf7 d3 49. Rb1 c3 50. a6 c2 51. Ra1 d2 52. a7 c1=Q
53. a8=Q Qc4+ 54. Kg6 Qd3+ 55. Kf6 Qc3+ 56. Kf5 Qxh3+ 57. Kf4 Qh4+ 58. Kf5
1/2-1/2

[Event "4NCL/Div2/ATH-SLO2"]
[Site "Rd-10 Birmingham"]
[Date "2002.05.05"]
[Round "10.2"]
[White "Devereaux, Maxim"]
[Black "Spreeuw, Jaap"]
[Result "1/2-1/2"]
[WhiteElo "2282"]
[BlackElo "2316"]
[PlyCount "132"]
[EventDate "2002.05.05"]

1. Nf3 d5 2. b3 c5 3. e3 a6 4. Bb2 Nc6 5. d4 Nf6 6. Be2 Bf5 7. dxc5 e6 8. Nd4
Be4 9. Nd2 Bxg2 10. Rg1 Be4 11. Nxc6 bxc6 12. Bxf6 Qxf6 13. Nxe4 dxe4 14. Qd4
Bxc5 15. Qxf6 gxf6 16. O-O-O f5 17. c3 a5 18. Kb2 Ke7 19. a3 Bd6 20. h3 Be5 21.
f4 exf3 22. Bxf3 Rag8 23. b4 axb4 24. axb4 Rxg1 25. Rxg1 Rb8 26. Kc2 Rb6 27.
Ra1 Bd6 28. Ra7+ Kf6 29. Bh5 Be7 30. Rc7 e5 31. Be2 Bd6 32. Ra7 Bb8 33. Rd7 Ke6
34. Rd8 e4 35. Bc4+ Kf6 36. Rd7 Kg6 37. Bxf7+ Kf6 38. Bc4 h6 39. Rf7+ Kg6 40.
Re7 Kf6 41. Re6+ Kg5 42. Bd5 Ba7 43. Bxc6 Ra6 44. b5 Ra2+ 45. Kb3 Rh2 46. b6
Bxb6 47. Bxe4 fxe4 48. Rxb6 Rxh3 49. Kc4 Rxe3 50. Kd4 Rd3+ 51. Kxe4 Rxc3 52.
Rb8 h5 53. Rg8+ Kh4 54. Kf4 Kh3 55. Rg1 Kh2 56. Rd1 h4 57. Rd2+ Kh3 58. Rd1 Kg2
59. Rd2+ Kg1 60. Kg4 h3 61. Rd1+ Kh2 62. Rd2+ Kh1 63. Rd1+ Kg2 64. Rd2+ Kg1 65.
Rd1+ Kf2 66. Rd2+ Kg1 1/2-1/2

[Event "4NCL/Div2/ATH-SLO2"]
[Site "Rd-10 Birmingham"]
[Date "2002.05.05"]
[Round "10.3"]
[White "van Voorthuijsen, Pieter W"]
[Black "Houska, Miroslav"]
[Result "1/2-1/2"]
[WhiteElo "2324"]
[BlackElo "2300"]
[PlyCount "74"]
[EventDate "2002.05.05"]

1. d4 c5 2. d5 Nf6 3. c4 e6 4. Nc3 exd5 5. cxd5 d6 6. g3 g6 7. Bg2 Bg7 8. Nf3
O-O 9. O-O Bg4 10. Nd2 Qd7 11. a4 Na6 12. Nc4 Bh3 13. Bf4 Bxg2 14. Kxg2 Rfd8
15. Bxd6 Ne8 16. Bf4 Bxc3 17. bxc3 Qxd5+ 18. Qxd5 Rxd5 19. a5 f6 20. h4 Rad8
21. Rab1 R5d7 22. Rb2 Re7 23. Rfb1 Rdd7 24. f3 Kf7 25. Kf2 Ke6 26. e4 h5 27.
Ke2 Rg7 28. Bh6 Rh7 29. Be3 Nd6 30. Nxd6 Kxd6 31. Bf4+ Ke6 32. Rd1 Rxd1 33.
Kxd1 Rd7+ 34. Ke2 Rg7 35. Rd2 Rd7 36. Rb2 Rg7 37. Rd2 Rd7 1/2-1/2

[Event "4NCL/Div2/ATH-SLO2"]
[Site "Rd-10 Birmingham"]
[Date "2002.05.05"]
[Round "10.4"]
[White "Smith, Andrew P"]
[Black "Wade, Robert G"]
[Result "0-1"]
[WhiteElo "2223"]
[BlackElo "2224"]
[PlyCount "72"]
[EventDate "2002.05.05"]

1. e4 c6 2. d4 d5 3. e5 c5 4. Nf3 Nc6 5. Bb5 e6 6. O-O Bd7 7. Bd3 cxd4 8. Re1
g6 9. Nbd2 f6 10. exf6 Qxf6 11. Nb3 Bh6 12. Nbxd4 Nxd4 13. Nxd4 O-O-O 14. Nf3
Bxc1 15. Qxc1 Ne7 16. Qe3 Nc6 17. Qc5 b6 18. Qd6 Kb7 19. Bb5 Rhe8 20. c3 Nb8
21. Qb4 Bxb5 22. Qxb5 Nc6 23. a4 a6 24. Qe2 e5 25. a5 b5 26. Qe3 d4 27. cxd4
exd4 28. Qh6 Rxe1+ 29. Rxe1 Rd7 30. Qd2 d3 31. Ng5 Re7 32. Rxe7+ Qxe7 33. Kf1
Nxa5 34. h4 Qd7 35. Ne4 Nb3 36. Qc3 d2 0-1

[Event "4NCL/Div2/ATH-SLO2"]
[Site "Rd-10 Birmingham"]
[Date "2002.05.05"]
[Round "10.5"]
[White "Quinn, John M"]
[Black "Harris, Michael J"]
[Result "1-0"]
[WhiteElo "2174"]
[BlackElo "2235"]
[PlyCount "79"]
[EventDate "2002.05.05"]

1. d4 Nf6 2. c4 g6 3. Nc3 Bg7 4. Nf3 d5 5. Qb3 dxc4 6. Qxc4 O-O 7. e4 c6 8. e5
Nd5 9. Nxd5 cxd5 10. Qb3 Nc6 11. Be2 Bg4 12. Be3 Na5 13. Qb4 Qb6 14. Qxb6 axb6
15. O-O Nc4 16. Bc1 Rfc8 17. Bd3 f6 18. Re1 Bxf3 19. gxf3 fxe5 20. Bxc4 Rxc4
21. dxe5 Rf8 22. b3 Rc6 23. Ba3 Rxf3 24. Bxe7 Kf7 25. Bh4 Ke6 26. Re2 d4 27.
Rd1 Kd5 28. Bg3 Rfc3 29. Red2 Bxe5 30. Bxe5 Kxe5 31. Rxd4 Rc1 32. Kg2 R1c2 33.
R1d2 b5 34. Rd5+ Ke6 35. R5d4 Rxd2 36. Rxd2 Rc3 37. f3 b6 38. Kg3 Ke5 39. Kf2
b4 40. Kg3 {time} 1-0

[Event "4NCL/Div2/ATH-SLO2"]
[Site "Rd-10 Birmingham"]
[Date "2002.05.05"]
[Round "10.6"]
[White "Pustina, Ylvi"]
[Black "Spivack, Simon"]
[Result "1/2-1/2"]
[WhiteElo "2277"]
[BlackElo "2182"]
[PlyCount "70"]
[EventDate "2002.05.05"]

1. d4 Nf6 2. c4 g6 3. Nc3 Bg7 4. e4 d6 5. f3 O-O 6. Be3 c5 7. dxc5 dxc5 8. Qxd8
Rxd8 9. Bxc5 Nc6 10. Nge2 b6 11. Ba3 Nd7 12. Rc1 e6 13. Ng3 Ba6 14. Be2 f5 15.
exf5 gxf5 16. O-O Nde5 17. b3 Nd3 18. Bxd3 Rxd3 19. Nge2 Nd4 20. Rfd1 Nxe2+ 21.
Nxe2 Rad8 22. Rxd3 Rxd3 23. Rc2 Kf7 24. Bb2 Bf8 25. Kf2 Bd6 26. h3 Rd1 27. Bc3
f4 28. g3 Bb7 29. Rd2 fxg3+ 30. Kg2 Rxd2 31. Bxd2 Kf6 32. Bf4 e5 33. Bxg3 Bb4
34. Bf2 e4 35. Bd4+ Kf5 1/2-1/2

[Event "4NCL/Div2/ATH-SLO2"]
[Site "Rd-10 Birmingham"]
[Date "2002.05.05"]
[Round "10.7"]
[White "Milligan, Helen"]
[Black "de Coverly, Roger"]
[Result "1-0"]
[WhiteElo "2130"]
[BlackElo "2109"]
[PlyCount "139"]
[EventDate "2002.05.05"]

1. e4 e5 2. Nf3 d6 3. d4 exd4 4. Nxd4 Nf6 5. Nc3 Be7 6. Be2 O-O 7. O-O Nc6 8.
Nxc6 bxc6 9. Be3 a5 10. f3 Nd7 11. f4 Bf6 12. Bd4 Bxd4+ 13. Qxd4 Qh4 14. Qf2
Qxf2+ 15. Rxf2 Nc5 16. Bf3 Bd7 17. Rd1 a4 18. Rfd2 Rfb8 19. b3 Be8 20. e5 axb3
21. axb3 d5 22. Ne2 Kf8 23. g3 Ra2 24. Nd4 Ne4 25. Bxe4 dxe4 26. Nf5 c5 27. Ne3
Bc6 28. Kf2 g6 29. g4 Ke7 30. f5 g5 31. h4 gxh4 32. Rh1 Rxb3 33. Rxh4 Rxe3 34.
Kxe3 Ra3+ 35. Kf4 Rf3+ 36. Kg5 e3 37. Re2 Bb5 38. Re1 e2 39. Rxh7 Rf1 40. Rh1
Rf3 41. Rh2 Re3 42. Kf4 Rc3 43. Rhxe2 Bxe2 44. Rxe2 Rc4+ 45. Kg5 Rd4 46. Kh4
Rd8 47. g5 Rh8+ 48. Kg4 Rh1 49. Re3 Rg1+ 50. Kf4 Rf1+ 51. Rf3 Rg1 52. e6 fxe6
53. f6+ Kf7 54. Rg3 Rf1+ 55. Ke4 Kg6 56. Rf3 Re1+ 57. Kd3 Rd1+ 58. Kc4 Rd8 59.
f7 Rf8 60. Kxc5 Rxf7 61. Rxf7 Kxf7 62. Kd4 Kg6 63. Ke5 Kxg5 64. c4 c5 65. Kxe6
Kg6 66. Kd6 Kf6 67. Kxc5 Ke6 68. Kc6 Ke7 69. c5 Kd8 70. Kb7 1-0

[Event "4NCL/Div2/ATH-SLO2"]
[Site "Rd-10 Birmingham"]
[Date "2002.05.05"]
[Round "10.8"]
[White "Chevannes, Sabrina"]
[Black "Stevenson, James AB"]
[Result "1/2-1/2"]
[WhiteElo "1824"]
[BlackElo "2151"]
[PlyCount "145"]
[EventDate "2002.05.05"]

1. d4 d5 2. Nf3 Nf6 3. c3 g6 4. Bg5 Bg7 5. Nbd2 O-O 6. e3 b6 7. Bd3 Bb7 8. O-O
Nbd7 9. Re1 Ne4 10. Bh4 Ndf6 11. Bxf6 exf6 12. c4 f5 13. cxd5 Bxd5 14. Nc4 c5
15. Be2 Rc8 16. Rc1 b5 17. Ncd2 c4 18. Nb1 b4 19. Qa4 Qb6 20. Nfd2 Nd6 21. Bf3
Be4 22. Nxe4 fxe4 23. Be2 Rc7 24. Rc2 Rfc8 25. Rec1 f5 26. Nd2 c3 27. bxc3 Rxc3
28. Nb1 Rxc2 29. Rxc2 Rxc2 30. Qxc2 Bf8 31. Nd2 Qb7 32. Qc5 Nf7 33. Qc4 Kg7 34.
Bd1 Bd6 35. g3 Qc7 36. Qb3 h5 37. Nc4 Be7 38. h4 Bf8 39. Be2 Be7 40. Kg2 Bf8
41. Qa4 Be7 42. Qb5 Kf8 43. Qd5 Kg7 44. Bd1 Bf6 45. Bb3 Qd8 46. Qb5 Be7 47. Na5
Bf8 48. Nc6 Qd7 49. Qc4 Nh6 50. Nxb4 f4 51. exf4 Qg4 52. Qc7+ Kh8 53. Qe5+ Kh7
54. Qxe4 Nf5 55. Nd5 Nxh4+ 56. Kf1 Qh3+ 57. Ke1 Ng2+ 58. Kd2 Qh1 59. Qe6 Ba3
60. Nf6+ Kh6 61. Ng8+ Kh7 62. Qf7+ Kh8 63. Nf6 Qe1+ 64. Kd3 Qf1+ 65. Kc2 Qxf2+
66. Kc3 Qe1+ 67. Kc4 Qe2+ 68. Kc3 Qe1+ 69. Kc4 Qe2+ 70. Kc3 Qe1+ 71. Kc2 Qe2+
72. Kc3 Qe1+ 73. Kc2 1/2-1/2

[Event "4NCL/Div2/BG3-NWE"]
[Site "Rd-10 Birmingham"]
[Date "2002.05.05"]
[Round "10.1"]
[White "Broom, Mark"]
[Black "Shaw, John"]
[Result "1/2-1/2"]
[WhiteElo "2240"]
[BlackElo "2503"]
[PlyCount "111"]
[EventDate "2002.05.05"]

1. c4 e5 2. g3 Nc6 3. Bg2 f5 4. Nc3 Nf6 5. e3 d5 6. cxd5 Nb4 7. d3 Nfxd5 8.
Nxd5 Nxd5 9. Nf3 Bd6 10. O-O c6 11. e4 fxe4 12. dxe4 Nf6 13. Bg5 h6 14. Bd2 O-O
15. Nh4 Kh7 16. Qc2 Qe7 17. f4 Bc5+ 18. Kh1 Ng4 19. f5 Rd8 20. Bf3 Ne3 21. Bxe3
Bxe3 22. Bh5 Qf6 23. Rad1 Rxd1 24. Rxd1 c5 25. Qa4 b5 26. Qxb5 Ba6 27. Qd7 Bd4
28. Bg6+ Kh8 29. Bf7 Rd8 30. Qc7 Qb6 31. Qxb6 axb6 32. Ng6+ Kh7 33. Nxe5 Bb7
34. Nf3 Bxe4 35. Bg6+ Kg8 36. Kg2 Ra8 37. Re1 Bd5 38. b3 Rxa2+ 39. Kh3 Bf7 40.
Nxd4 cxd4 41. Rd1 Bxb3 42. Rxd4 Kf8 43. Rb4 Bd5 44. Rxb6 Ke7 45. Kg4 Rxh2 46.
Kf4 Re2 47. g4 Re4+ 48. Kg3 Rc4 49. Bh5 Bc6 50. Ra6 Rc3+ 51. Kf2 Bd5 52. Rg6
Kf8 53. Ra6 Rf3+ 54. Ke1 Rf4 55. Kd2 Rf1 56. Ke3 1/2-1/2

[Event "4NCL/Div2/BG3-NWE"]
[Site "Rd-10 Birmingham"]
[Date "2002.05.05"]
[Round "10.2"]
[White "Haslinger, Stewart"]
[Black "Graham, David B"]
[Result "1-0"]
[WhiteElo "2294"]
[BlackElo "2254"]
[PlyCount "49"]
[EventDate "2002.05.05"]

1. e4 d6 2. d4 Nf6 3. Nc3 g6 4. Be3 Bg7 5. Qd2 Nc6 6. f3 e5 7. d5 Ne7 8. Bh6
O-O 9. O-O-O c5 10. g4 Rb8 11. h4 Qa5 12. h5 b5 13. Kb1 b4 14. Nce2 c4 15. Qg5
Nfxd5 16. Bxg7 Kxg7 17. hxg6 fxg6 18. Qh6+ Kf7 19. Qxh7+ Ke8 20. exd5 Rb6 21.
Nc1 Ba6 22. Qg7 Nxd5 23. Rh7 Nc3+ 24. bxc3 bxc3+ 25. Nb3 1-0

[Event "4NCL/Div2/BG3-NWE"]
[Site "Rd-10 Birmingham"]
[Date "2002.05.05"]
[Round "10.3"]
[White "Lyell, Mark"]
[Black "Quillan, Gary"]
[Result "1-0"]
[WhiteElo "2235"]
[BlackElo "2346"]
[PlyCount "84"]
[EventDate "2002.05.05"]

1. e4 e6 2. d4 d5 3. e5 c5 4. c3 Nc6 5. Nf3 Bd7 6. Be2 Nge7 7. Na3 cxd4 8. cxd4
Nf5 9. Nc2 Qa5+ 10. Bd2 Qb6 11. Bc3 Be7 12. Bd3 Rc8 13. O-O a5 14. Qd2 Nb4 15.
Bxb4 axb4 16. g4 Nh6 17. Ne3 g5 18. Rac1 Ra8 19. Rfd1 Bc6 20. h4 gxh4 21. g5
Rg8 22. Bxh7 Rg7 23. Kh1 Bxg5 24. Nxg5 Rxg5 25. Nc2 Qd8 26. Nxb4 Kd7 27. Rg1 f6
28. Nd3 Nf7 29. Nc5+ Kc8 30. Nxe6 Qd7 31. Nxg5 Nxg5 32. Qd3 Ne4 33. Bxe4 dxe4
34. Qe3 Rxa2 35. exf6 Qf5 36. Rg8+ Kd7 37. Rg7+ Ke8 38. Rcg1 Rxb2 39. Rg8+ Kd7
40. R1g7+ Kd6 41. Qa3+ Ke6 42. Qe7+ Kd5 1-0

[Event "4NCL/Div2/BG3-NWE"]
[Site "Rd-10 Birmingham"]
[Date "2002.05.05"]
[Round "10.4"]
[White "Charleshouse, Glenn L"]
[Black "Cafferty, Bernard"]
[Result "0-1"]
[WhiteElo "2301"]
[BlackElo "2175"]
[PlyCount "82"]
[EventDate "2002.05.05"]

1. e4 Nf6 2. e5 Nd5 3. Nf3 d6 4. d4 Bg4 5. Be2 e6 6. O-O Be7 7. c4 Nb6 8. Nc3
N8d7 9. b3 O-O 10. Bf4 a6 11. Rc1 dxe5 12. Nxe5 Nxe5 13. Bxg4 Ng6 14. Be3 f5
15. Bf3 f4 16. Bd2 Qxd4 17. Bxb7 Rad8 18. Be1 Qf6 19. Qh5 Nd7 20. Be4 Nc5 21.
Bb1 Nd3 22. Bxd3 Rxd3 23. Qe2 f3 24. Qxd3 Qg5 25. g3 Qg4 26. Kh1 Ne5 27. Qe4
Qh3 28. Rg1 Ng4 29. Qxe6+ Rf7 30. Qxg4 Qxg4 31. Nd5 Bc5 32. Nf4 Rxf4 33. gxf4
Qxf4 34. Bc3 g6 35. Rcd1 Bd6 36. Rxd6 cxd6 37. Bb4 Kf7 38. h3 d5 39. Bc5 dxc4
40. Rd1 cxb3 41. axb3 Qg5 0-1

[Event "4NCL/Div2/BG3-NWE"]
[Site "Rd-10 Birmingham"]
[Date "2002.05.05"]
[Round "10.5"]
[White "Lock, Gavin R"]
[Black "Littlewood, John E"]
[Result "1/2-1/2"]
[WhiteElo "2168"]
[BlackElo "2304"]
[PlyCount "64"]
[EventDate "2002.05.05"]

1. Nf3 d6 2. d4 g6 3. c4 Nf6 4. Nc3 Bg7 5. e4 O-O 6. Be2 e5 7. O-O exd4 8. Nxd4
Re8 9. f3 Nc6 10. Be3 Nh5 11. Qd2 f5 12. Rad1 f4 13. Bf2 Be5 14. Nxc6 bxc6 15.
c5 Be6 16. cxd6 cxd6 17. Rc1 g5 18. Rfd1 Qe7 19. Bd4 Red8 20. b3 Nf6 21. Na4 g4
22. Bxe5 dxe5 23. Qa5 gxf3 24. gxf3 Rxd1+ 25. Rxd1 Kh8 26. Kh1 Nd7 27. Qc7 Rg8
28. Qxa7 c5 29. Rg1 Rxg1+ 30. Kxg1 Qg5+ 31. Kf1 Bh3+ 32. Ke1 Qg1+ 1/2-1/2

[Event "4NCL/Div2/BG3-NWE"]
[Site "Rd-10 Birmingham"]
[Date "2002.05.05"]
[Round "10.6"]
[White "Lund, D Brett"]
[Black "Wheeler, Darren P"]
[Result "0-1"]
[WhiteElo "2283"]
[BlackElo "2120"]
[PlyCount "80"]
[EventDate "2002.05.05"]

1. c4 e6 2. g3 d5 3. Nf3 c5 4. Bg2 Nc6 5. O-O Nf6 6. b3 Be7 7. e3 O-O 8. Bb2 d4
9. exd4 cxd4 10. Qe2 d3 11. Qe3 Ng4 12. Qe1 Bf6 13. Bxf6 Qxf6 14. Nc3 e5 15. h3
Nh6 16. Qe3 Qd6 17. Ne1 Bf5 18. Nd5 e4 19. f3 exf3 20. Rxf3 Rae8 21. Qf4 Qc5+
22. Kh1 Re4 23. Nf6+ gxf6 24. Qxh6 Qe5 25. Rxf5 Qxa1 26. Bxe4 Qxe1+ 27. Kh2
Qxe4 28. Qxf6 Qe2+ 29. Rf2 Qe5 30. Qf3 Qd6 31. Qg4+ Kh8 32. Qf5 Ne7 33. Qe4 Nc6
34. Rf5 Qd4 35. Qf3 Re8 36. h4 Ne5 37. Qxb7 Ng4+ 38. Kh3 Nf6 39. Qxf7 Qg4+ 40.
Kg2 Qxf5 0-1

[Event "4NCL/Div2/BG3-NWE"]
[Site "Rd-10 Birmingham"]
[Date "2002.05.05"]
[Round "10.7"]
[White "Gunter, David WW"]
[Black "Hague, Ben"]
[Result "0-1"]
[WhiteElo "2140"]
[BlackElo "2219"]
[PlyCount "82"]
[EventDate "2002.05.05"]

1. d4 d6 2. Nf3 f5 3. Bf4 Nf6 4. e3 g6 5. h3 Bg7 6. Be2 O-O 7. O-O Ne4 8. Nbd2
Nc6 9. Bh2 e6 10. Nxe4 fxe4 11. Nd2 d5 12. c4 Ne7 13. f3 Nf5 14. Qb3 Bh6 15. f4
Kh8 16. g4 Ne7 17. Bg3 Nc6 18. Kg2 a5 19. h4 a4 20. Qd1 Qe7 21. g5 Bg7 22. h5
Kg8 23. a3 Bd7 24. Nb1 Na5 25. Nc3 Nxc4 26. Bxc4 dxc4 27. hxg6 hxg6 28. Rh1
Rad8 29. Qe2 b5 30. Na2 c5 31. dxc5 Qxc5 32. Be1 Rf5 33. Bb4 Qc6 34. Nc3 e5 35.
Rad1 exf4 36. exf4 e3+ 37. Kg3 Re8 38. Rh2 Rxg5+ 39. fxg5 Be5+ 40. Kh4 Bxh2 41.
Qxh2 Re4+ 0-1

[Event "4NCL/Div2/BG3-NWE"]
[Site "Rd-10 Birmingham"]
[Date "2002.05.05"]
[Round "10.8"]
[White "Summerscale, Claire E"]
[Black "Rogers, Cathy"]
[Result "0-1"]
[WhiteElo "2031"]
[BlackElo "1900"]
[PlyCount "80"]
[EventDate "2002.05.05"]

1. d4 Nf6 2. Nc3 d5 3. Bg5 g6 4. Bxf6 exf6 5. e3 Bg7 6. Nf3 O-O 7. Bd3 c6 8.
O-O Bg4 9. h3 Bxf3 10. Qxf3 f5 11. Ne2 Nd7 12. c4 dxc4 13. Bxc4 Nf6 14. Nc3 Re8
15. Rfd1 Qc7 16. Rac1 Ne4 17. Bd3 Nxc3 18. bxc3 Rad8 19. c4 Rd7 20. Bc2 Red8
21. Bb3 c5 22. d5 Rd6 23. Re1 Be5 24. e4 fxe4 25. Rxe4 Rf6 26. Qe2 Bd4 27. Rf1
Kg7 28. g3 Qxg3+ 29. Kh1 Qxh3+ 30. Kg1 Rf3 31. Rxd4 cxd4 32. Qe5+ Kg8 33. Qxd4
Qf5 34. Qh4 Re8 35. Bd1 Rf4 36. Qg3 Ree4 37. f3 Rxc4 38. d6 Qc5+ 39. Kg2 Qxd6
40. Bb3 Rcd4 0-1

[Event "4NCL/Div2/PY-RIC"]
[Site "Rd-10 Birmingham"]
[Date "2002.05.05"]
[Round "10.1"]
[White "Hanley, Craig A"]
[Black "Quinn, Mark"]
[Result "1/2-1/2"]
[WhiteElo "2313"]
[BlackElo "2423"]
[PlyCount "70"]
[EventDate "2002.05.05"]

1. c4 Nf6 2. g3 e6 3. Nf3 b6 4. Bg2 Bb7 5. O-O c5 6. Nc3 a6 7. Re1 Be7 8. e4 d6
9. b3 O-O 10. d4 cxd4 11. Nxd4 Qc7 12. Bb2 Nbd7 13. h3 Rfe8 14. g4 g6 15. Rc1
Rac8 16. Rc2 Bf8 17. a4 Qb8 18. Rce2 Qa8 19. f4 e5 20. fxe5 dxe5 21. Nf3 Nc5
22. Nd5 Nfd7 23. b4 Bxd5 24. exd5 e4 25. bxc5 exf3 26. Bxf3 Bxc5+ 27. Kg2 Rxe2+
28. Rxe2 Re8 29. Ba1 Rxe2+ 30. Qxe2 Bd6 31. Bd4 Qd8 32. Qf2 Qc7 33. Be2 a5 34.
Qe3 Qd8 35. g5 Nc5 1/2-1/2

[Event "4NCL/Div2/PY-RIC"]
[Site "Rd-10 Birmingham"]
[Date "2002.05.05"]
[Round "10.2"]
[White "Wall, Gavin"]
[Black "Rendle, Thomas E"]
[Result "1/2-1/2"]
[WhiteElo "2378"]
[BlackElo "2200"]
[PlyCount "116"]
[EventDate "2002.05.05"]

1. e4 e6 2. d4 d5 3. e5 c5 4. c3 Qb6 5. Nf3 Nc6 6. a3 c4 7. Nbd2 Na5 8. Be2 Bd7
9. O-O Ne7 10. Rb1 Qc7 11. Ng5 h6 12. Nh3 Nc8 13. f4 Nb6 14. Nf3 Ba4 15. Qd2
Nb3 16. Qe3 O-O-O 17. Bd2 Na5 18. Rbc1 Qc6 19. Be1 Qb5 20. b4 Nb3 21. Rb1 Qa6
22. g4 g6 23. f5 h5 24. gxh5 Bh6 25. Nhg5 gxf5 26. Bg3 Rdg8 27. Kh1 Bb5 28. Bf4
Rg7 29. Nd2 Qa4 30. Nxe6 fxe6 31. Bxh6 Rgh7 32. Bf4 Be8 33. h6 Qxa3 34. Nxb3
cxb3 35. Ra1 Qb2 36. Rfb1 Qc2 37. Bd3 Nc4 38. Bxc2 Nxe3 39. Bxb3 Ng4 40. Rxa7
Nxh6 41. Ra8+ Kc7 42. Bxh6 Rxh6 43. Rb2 Rh3 44. Rg2 f4 45. Rf2 Rxc3 46. Rc2
Rxc2 47. Bxc2 f3 48. Kg1 f2+ 49. Kxf2 Rxh2+ 50. Ke3 Bc6 51. Kd3 Kb6 52. Ra5
Bb5+ 53. Kc3 Rh8 54. Kd2 Rh4 55. Kc3 Rh3+ 56. Kd2 Rh2+ 57. Kc3 Rh3+ 58. Kd2
Rh2+ 1/2-1/2

[Event "4NCL/Div2/PY-RIC"]
[Site "Rd-10 Birmingham"]
[Date "2002.05.05"]
[Round "10.3"]
[White "Taylor, Martin R"]
[Black "Bates, Richard A"]
[Result "1/2-1/2"]
[WhiteElo "2173"]
[BlackElo "2358"]
[PlyCount "76"]
[EventDate "2002.05.05"]

1. c4 g6 2. g3 Bg7 3. Bg2 Nf6 4. Nc3 O-O 5. e4 c5 6. Nge2 Nc6 7. d3 a6 8. Be3
d6 9. h3 Rb8 10. a4 Bd7 11. O-O Qc8 12. Kh2 Ne5 13. b3 b5 14. cxb5 axb5 15.
axb5 Bxb5 16. Nxb5 Rxb5 17. d4 cxd4 18. Nxd4 Rb4 19. Ra4 Rxa4 20. bxa4 Nc4 21.
Qb3 Nxe3 22. Qxe3 Nd7 23. Nb3 Qc4 24. a5 Rb8 25. Nd2 Qa4 26. Qa7 Bd4 27. Qc7
Bc5 28. e5 Rb2 29. Ne4 Bd4 30. exd6 exd6 31. Qxd6 Nf8 32. Qd5 Rb5 33. Qd8 Rxa5
34. h4 Be5 35. Nf6+ Kg7 36. Ne8+ Kh8 37. Nd6 Bxd6 38. Qxd6 Kg8 1/2-1/2

[Event "4NCL/Div2/PY-RIC"]
[Site "Rd-10 Birmingham"]
[Date "2002.05.05"]
[Round "10.4"]
[White "Hinks-Edwards, Thomas"]
[Black "Mutton, Jonathan B"]
[Result "1/2-1/2"]
[WhiteElo "2322"]
[BlackElo "2196"]
[PlyCount "51"]
[EventDate "2002.05.05"]

1. e4 c5 2. Nc3 Nc6 3. g3 g6 4. Bg2 Bg7 5. d3 d6 6. Be3 Nf6 7. h3 Nd4 8. Nce2
e5 9. c3 Nxe2 10. Nxe2 O-O 11. O-O b6 12. c4 Bb7 13. f4 exf4 14. Nxf4 Nd7 15.
Qd2 Qe7 16. Rae1 Qe5 17. Re2 Rae8 18. Bf2 Nb8 19. Nd5 Nc6 20. Be3 Nd4 21. Ref2
Bxd5 22. Bf4 Qe7 23. cxd5 b5 24. Bg5 Qe5 25. Bf4 Qe7 26. Bg5 1/2-1/2

[Event "4NCL/Div2/PY-RIC"]
[Site "Rd-10 Birmingham"]
[Date "2002.05.05"]
[Round "10.5"]
[White "Yastrebov, Alexander"]
[Black "Webb, Laurence E"]
[Result "1-0"]
[WhiteElo "2181"]
[BlackElo "2239"]
[PlyCount "85"]
[EventDate "2002.05.05"]

1. e4 e5 2. Nf3 Nc6 3. Bb5 a6 4. Bxc6 dxc6 5. O-O Ne7 6. Nxe5 Qd4 7. Nf3 Qxe4
8. Re1 Qb4 9. c3 Qd6 10. Qb3 b6 11. d4 Be6 12. Qc2 O-O-O 13. Qe2 Kb7 14. Nbd2
Ng6 15. Ne4 Qd7 16. b4 Bd5 17. Bd2 f5 18. Ng3 Bd6 19. Qd3 Bxg3 20. fxg3 Rde8
21. Bg5 Bxf3 22. Qxf3 Rxe1+ 23. Rxe1 Re8 24. Rf1 Rf8 25. a4 h6 26. Bd2 Qd5 27.
Qh5 Ne7 28. Re1 Nc8 29. h4 Qf7 30. Qf3 Nd6 31. Bf4 Re8 32. Rf1 Ne4 33. Be5 Rf8
34. b5 axb5 35. axb5 cxb5 36. g4 g6 37. h5 Kb8 38. hxg6 Qc4 39. g7 Rg8 40. Qxf5
Ng5 41. Qf8+ Kb7 42. Qxg8 Qxg8 43. Rf8 1-0

[Event "4NCL/Div2/PY-RIC"]
[Site "Rd-10 Birmingham"]
[Date "2002.05.05"]
[Round "10.6"]
[White "Franklin, Michael J"]
[Black "Lazhevskaya, Zhanna"]
[Result "1-0"]
[WhiteElo "2233"]
[BlackElo "2103"]
[PlyCount "41"]
[EventDate "2002.05.05"]

1. d4 d5 2. Nf3 Nf6 3. e3 c5 4. c3 Nc6 5. Nbd2 Bf5 6. dxc5 e6 7. b4 a5 8. Bb5
axb4 9. cxb4 Nd7 10. Qb3 Na7 11. Ba4 b5 12. cxb6 Qxb6 13. Nd4 Qxb4 14. Nxf5
Qxb3 15. axb3 exf5 16. Bc6 Rc8 17. Bxd7+ Kxd7 18. Rxa7+ Ke6 19. O-O Rc2 20. Nf3
Bc5 21. Nd4+ 1-0

[Event "4NCL/Div2/PY-RIC"]
[Site "Rd-10 Birmingham"]
[Date "2002.05.05"]
[Round "10.7"]
[White "Gilbert, Jessie"]
[Black "Phillips, Roy"]
[Result "0-1"]
[WhiteElo "2102"]
[BlackElo "2228"]
[PlyCount "80"]
[EventDate "2002.05.05"]

1. d4 g6 2. c4 Bg7 3. e4 d6 4. Nc3 Nf6 5. f3 O-O 6. Bg5 c6 7. Qd2 a6 8. a4 a5
9. Nge2 Na6 10. Rd1 Re8 11. Nc1 Qb6 12. Be2 e5 13. Be3 exd4 14. Bxd4 Nc5 15.
O-O Qc7 16. Bf2 Nfd7 17. Bg3 Be5 18. Bxe5 dxe5 19. Nd3 Nxd3 20. Bxd3 Nc5 21.
Qe3 Qb6 22. Qf2 Be6 23. Rd2 Qb4 24. Be2 Nxa4 25. Rc2 Nc5 26. Rd1 Rad8 27. Qf1
Nb3 28. Bd3 Nd4 29. Rcd2 Rd7 30. Kh1 Nb3 31. Rc2 Red8 32. Na2 Qb6 33. Rc3 Nc5
34. Rd2 Nxd3 35. Rcxd3 Rxd3 36. Rxd3 Bxc4 37. Nc1 Bxd3 38. Nxd3 Qb5 39. h3 Qxd3
40. Qxd3 Rxd3 0-1

[Event "4NCL/Div2/PY-RIC"]
[Site "Rd-10 Birmingham"]
[Date "2002.05.05"]
[Round "10.8"]
[White "Wilson, Alexandra"]
[Black "Woodward, Timothy DM"]
[Result "0-1"]
[WhiteElo "2097"]
[BlackElo "2161"]
[PlyCount "138"]
[EventDate "2002.05.05"]

1. e4 c6 2. d3 d5 3. Nd2 Qc7 4. Ngf3 Bg4 5. g3 Nd7 6. Bg2 Ngf6 7. h3 Bxf3 8.
Bxf3 e6 9. d4 dxe4 10. Nxe4 Nxe4 11. Bxe4 Bd6 12. Qe2 O-O 13. Be3 Rfe8 14.
O-O-O Nf6 15. Qd3 Nxe4 16. Qxe4 Qa5 17. Kb1 Rac8 18. Qg4 Qd5 19. Rhe1 Bf8 20.
h4 h5 21. Qg5 g6 22. Bf4 Qxg5 23. Bxg5 Bg7 24. c3 b5 25. b4 a5 26. a3 Ra8 27.
Kb2 Ra6 28. Ra1 Rea8 29. Bf4 R6a7 30. Be5 Bf8 31. Bf6 Bd6 32. Be5 Be7 33. Bf4
Kf8 34. Bh6+ Ke8 35. Bf4 Kd7 36. Be5 Bf8 37. Red1 Bh6 38. Re1 Ke7 39. Rg1 Kd7
40. Rgd1 Ra6 41. Re1 Bf8 42. Red1 Be7 43. Re1 R6a7 44. Red1 Bf8 45. Re1 Bh6 46.
Red1 Ke7 47. Rg1 axb4 48. cxb4 Rd7 49. Rad1 Rad8 50. Kc3 f6 51. Bf4 Bg7 52.
Rge1 e5 53. Be3 Kf7 54. Rd2 exd4+ 55. Bxd4 Rxd4 56. Rxd4 f5 57. Red1 Rd5 58. f4
Ke7 59. Re1+ Kd6 60. Re5 Bxe5 61. fxe5+ Kxe5 62. Rf4 Rd1 63. Kc2 Re1 64. Rf3
Re2+ 65. Kd1 Rg2 66. Rc3 Kd4 67. Rf3 Rb2 68. Kc1 Re2 69. Kd1 Re3 0-1